00492nam a2200169Ia 450000500170000000800410001702000150005808200130007310000150008624500770010126000510017830000200022965000370024965000100028665000120029665000140030820240925015810.0240331s9999 xx 000 0 und d a0889203288 bELDa791 aElder, R.B 2aA body of vision :brepresentation of the body in recent film and poetry aCanadabWilfrid Laurier university pressc1997 aviii, 400 p .,  a Body, Human, in motion Pictures aFilms aHistory aCriticism